[Event "SLO Cup final"]
[Site "Rogla"]
[Date "2002.06.07"]
[Round "1"]
[White "Podvrsnik, Branko"]
[Black "Jokovic, Dusan"]
[Result "1/2-1/2"]
[WhiteElo "1987"]
[BlackElo "2184"]
[PlyCount "88"]
[EventDate "2002.06.07"]
[EventType "swiss"]
[EventRounds "5"]
[EventCountry "SLO"]
[SourceTitle "EXT 2008"]
[Source "ChessBase"]
[SourceDate "2007.11.25"]
[SourceVersion "1"]
[SourceVersionDate "2007.11.25"]
[SourceQuality "1"]

1. d4 Nf6 2. c4 c5 3. d5 e6 4. Nc3 exd5 5. cxd5 d6 6. e4 g6 7. f4 Bg7 8. Bb5+ Nfd7 9. a4 0-0 10. Nf3 a6 11. Bd3 Re8 12. 0-0 Nf6 13. Ra3 Nbd7 14. Bb1 Rb8 15. e5 Ng4 16. Ng5 Nh6 17. e6 Nf6 18. f5 fxe6 19. fxe6 b5 20. Nce4 Nxe4 21. Bxe4 Rb7 22. Rh3 Rf8 23. axb5 axb5 24. Rxh6 Bxh6 25. Nf7 Bxc1 26. Nxd8 Be3+ 27. Kh1 Rxd8 28. Qf3 Bd4 29. b3 Ra7 30. h4 b4 31. h5 Ba6 32. Bd3 Bxd3 33. Qxd3 Kg7 34. Qg3 Be5 35. h6+ Kg8 36. Qh4 Rda8 37. Qf2 Bd4 38. Qf3 Be5 39. g4 Re7 40. Kg2 Ra2+ 41. Rf2 Ra1 42. Kh3 Rea7 43. g5 Re7 44. Kg4 Rea7 1/2-1/2